Hammond v Allen and others (Record no. 41023)

MARC details
000 -LEADER
fixed length control field 01650cab a2200229 4500
001 - CONTROL NUMBER
control field ABS48254
008 - FIXED-LENGTH DATA ELEMENTS--GENERAL INFORMATION
fixed length control field 090401t1993 xxu||||| |||| 00| 0 eng d
035 ## - SYSTEM CONTROL NUMBER
System control number (Sirsi) u65731
041 ## - LANGUAGE CODE
Language code of text/sound track or separate title eng
245 ## - TITLE STATEMENT
Title Hammond v Allen and others
260 ## - PUBLICATION, DISTRIBUTION, ETC.
Date of publication, distribution, etc. 1993
350 ## - PRICE (NR) (BK AM CF MU VM SE) [OBSOLETE]
Price 0
490 ## - SERIES STATEMENT
Series statement Estates Gazette
Volume/sequential designation (1993) 08 EG 122-125(4)
520 ## - SUMMARY, ETC.
Summary, etc. QBD 10 July 1992. The plaintiff, H, was the tenant of a farm on an agricultural tenancy for over 30 years and the defendants X are his landlords. The tenancy was taken by an oral agreement and H lives in the farmhouse. Over the years the farmhouse has fallen into serious disrepair and it is estimated that the cost of repair would be about £35,000. H does not have such a sum, cannot borrow it and contends that repairs are X`s responsibility. It is agreed that by virtue of Agricultural Holdings Act 1986 s7 the Fixed Equipment Model Clauses set out in Agricultural (Maintenance, repair and insurance of fixed equipment) Regulations 1973 (SI 1973:1473) are `deemed to be incorporated` in H`s contract of tenancy. By clause 1(1) of that the landlord has the right and liability for `all repairs and replacements to the under mentioned parts of the farmhouse`. H served a notice dated 12 January 1990 requesting X to make the necessary repairs. After a three month period H were entitled to do the
650 ## - SUBJECT ADDED ENTRY--TOPICAL TERM
Topical term or geographic name entry element AGRICULTURAL (MAINTENANCE REPAIR AND INSURANCE OF FIXED EQUIPMENT)
650 ## - SUBJECT ADDED ENTRY--TOPICAL TERM
Topical term or geographic name entry element AGRICULTURAL HOLDINGS ACT 1986 S7
650 ## - SUBJECT ADDED ENTRY--TOPICAL TERM
Topical term or geographic name entry element FIXED EQUIPMENT MODEL CLAUSES
650 ## - SUBJECT ADDED ENTRY--TOPICAL TERM
Topical term or geographic name entry element REPAIRS
690 ## - LOCAL SUBJECT ADDED ENTRY--TOPICAL TERM (OCLC, RLIN)
Topical term or geographic name as entry element LANDLORD AND TENANT-CASE LAW-AGRICULTURAL TENANCIES
942 ## - ADDED ENTRY ELEMENTS (KOHA)
Suppress in OPAC 0
948 ## - LOCAL PROCESSING INFORMATION (OCLC); SERIES PART DESIGNATOR (RLIN)
c (OCLC) 04/03/1997
Holdings
Withdrawn status Lost status Source of classification or shelving scheme Damaged status Not for loan Home library Current library Shelving location Date acquired Total Checkouts Full call number Barcode Date last seen Copy number Price effective from Koha item type
    Dewey Decimal Classification     London London Journal article 14/09/1999   ABS48254 65731-1001 06/08/2019 1 06/08/2019 Law report